[Event "Invitation"]
[Site "http://www.queenalice.com/game.php?id=1287450"]
[Date "2014.6.11"]
[Round "-"]
[White "guime1"]
[Black "albuquerque_d"]
[Result "1-0"]
[WhiteElo "1100"]
[BlackElo "1500"]

1. d4 e6 2. e4 Nf6 3. Nc3 Bb4 4. a3 Nxe4 5. axb4 Qh4 6. Qe2 Nxc3 7. bxc3 b6 8.
Qf3 Bb7 9. Qxb7 Nc6 10. Qxa8+ Qd8 11. Qxd8+ Kxd8 12. b5 Ne7 13. Rxa7 Nc8 14. Ra8
Ke7 15. c4 Re8 16. c5 bxc5 17. dxc5 d6 18. b6 cxb6 19. cxb6 Nxb6 20. Rxe8+ Kxe8
21. h4 Nd5 22. Rh3 Nb4 23. Kd1 Na2 24. Ba3 f5 25. Ne2 d5 26. Rg3 d4 27. Nxd4 Kd7
28. Rxg7+ Ke8 29. Rxh7 Nc3+ 30. Kc1 e5 31. Ne2 Ne4 32. f3 Nf2 33. h5 Nd3+ 34.
Kd2 e4 35. cxd3 f4 36. fxe4 Kd8 37. Nxf4 Ke8 38. Ra7 Kd8 39. h6 Kc8 40. h7 Kb8
41. Bc5 Kc8 42. h8=Q# 1-0

[Event "Invitation"]
[Site "http://www.queenalice.com/game.php?id=1287914"]
[Date "2014.6.12"]
[Round "-"]
[White "albuquerque_d"]
[Black "guime1"]
[Result "1-0"]
[WhiteElo "1500"]
[BlackElo "1100"]

1. e3 Nf6 2. Nf3 d5 3. Bb5+ Nfd7 4. Nc3 g6 5. Nxd5 c6 6. Bc4 cxd5 7. Bxd5 e6 8.
Be4 Nc5 9. Bxg6 hxg6 10. Ne5 Bg7 11. Nc4 b5 12. Qf3 Nb7 13. Na3 O-O 14. Nxb5 a6
15. Nd4 Ra7 16. h4 Na5 17. h5 Bb7 18. Qh3 Qg5 19. hxg6 Qxg6 20. Nf3 Nbc6 21. Nh4
Qh6 22. g4 Nb4 23. g5 Qxg5 24. Nf3 Nxc2+ 25. Kd1 Qc5 26. Qh7# 1-0

[Event "Challenge"]
[Site "http://www.queenalice.com/game.php?id=1297252"]
[Date "2014.7.25"]
[Round "-"]
[White "Joaquim_Manoel"]
[Black "albuquerque_d"]
[Result "1-0"]
[WhiteElo "1100"]
[BlackElo "1460"]

1. e4 d5 2. exd5 Qxd5 3. Nf3 Bg4 4. d4 Nf6 5. c4 Qe4+ 6. Be2 Nh5 7. Be3 Nf4 8.
O-O h5 9. Nc3 Qf5 10. Nd5 Qg6 11. Nxc7+ Kd8 12. Bxf4 Bh3 13. Nh4 Qf6 14. Bg3 g5
15. Be5 Rg8 16. Bxf6 gxh4 17. Bf3 Bxg2 18. Bxg2 h3 19. Be5 hxg2 20. Re1 e6 21.
Nxa8 h4 22. Bf6+ Be7 23. Bxe7+ Kxe7 24. Qb3 Nc6 25. Nc7 Nxd4 26. Qxb7 Nf3+ 27.
Qxf3 Kd7 28. Qxf7+ Kd6 29. Rxe6+ Kc5 30. Qxg8 h3 31. Qg5+ Kxc4 32. Re4+ Kd3 33.
Qe3+ Kc2 34. Qc3# 1-0

[Event "Challenge"]
[Site "http://www.queenalice.com/game.php?id=1297253"]
[Date "2014.7.25"]
[Round "-"]
[White "albuquerque_d"]
[Black "Joaquim_Manoel"]
[Result "0-1"]
[WhiteElo "1402"]
[BlackElo "1480"]

1. h4 d5 2. h5 e5 3. e3 Nc6 4. Bb5 Nf6 5. Nf3 e4 6. Nd4 Bd7 7. c4 Nxd4 8. exd4
Bxb5 9. cxb5 h6 10. Qa4 Qd7 11. Rh3 Bd6 12. Re3 Nxh5 13. d3 Bf4 14. Rh3 Bxc1 15.
Qc2 Bg5 16. Rxh5 exd3 17. Qxd3 O-O-O 18. Nc3 Rde8+ 19. Kf1 Kb8 20. Qf3 Rd8 21.
Re1 Bf6 22. Rxd5 Qc8 23. b6 cxb6 24. Qf4+ Ka8 25. Rc1 Bg5 26. Qe4 Bxc1 27. Qc2
Rxd5 28. Qxc1 Rxd4 29. Qe3 Rhd8 30. Nb5 Qc4+ 31. Kg1 Qxb5 32. g3 Qxb2 33. Qe7
Qxa2 34. g4 Rd2 35. Kg2 Rxf2+ 36. Kg3 Rd3+ 37. Kh4 Rh2# 0-1

[Event "Challenge"]
[Site "http://www.queenalice.com/game.php?id=1298200"]
[Date "2014.7.30"]
[Round "-"]
[White "camiloneto"]
[Black "albuquerque_d"]
[Result "1-0"]
[WhiteElo "1623"]
[BlackElo "1273"]

1. e4 Nf6 2. e5 Ne4 3. Qh5 e6 4. d4 Bb4+ 5. c3 Qf6 6. exf6 Nxf6 7. Qg5 Bd6 8.
Qxg7 Rg8 9. Qxf6 Rg6 10. Qh8+ Bf8 11. Qxh7 d6 12. Bd3 Rg7 13. Qh8 Nc6 14. Bh6
Rg6 15. Bxg6 fxg6 16. Qxf8+ Kd7 17. Qf7+ 1-0